MARC

LEADER 00000nam0a2200000 4500
001 322471
005 20231102003458.0
035 |a (RuTPU)RU\TPU\book\348030 
090 |a 322471 
100 |a 20160928d1937 km y0rusy50 ca 
101 0 |a rus 
102 |a UA 
105 |a a z 000zy 
200 1 |a Рудничные электровозы и их эксплоатация  |f И. И. Лившиц 
210 |a Харьков  |c Государственное научно-техническое издательство Украины  |d 1937 
215 |a 280 с.  |c ил. 
606 1 |a Электровозы рудничные  |x Эксплуатация  |x Техника безопасности  |2 stltpush  |3 (RuTPU)RU\TPU\subj\19777  |9 44946 
610 1 |a аккумуляторные электровозы 
610 1 |a аккумуляторные батареи 
610 1 |a контактные электровозы 
610 1 |a преобразовательные установки 
610 1 |a зарядные камеры 
610 1 |a рельсовые пути 
610 1 |a тяговые силы 
610 1 |a откатки 
675 |a 622.625.2  |v 4 
700 1 |a Лившиц  |b И. И. 
801 1 |a RU  |b 63413507  |c 20160928 
801 2 |a RU  |b 63413507  |c 20191212  |g RCR 
942 |c BK